000 00313nam a2200133Ia 4500
008 240624s9999 xx 000 0 und d
041 _aeng
082 _a003 DER
100 _aDEROOS DIRK
245 _aHADOOP FOR DUMMIES
260 _c2014
_aNew Delhi
_bWiley
300 _a395 : p. : cm. ; 28
365 _cRS
_b33
999 _c26287
_d26287